000 00511nam a2200145 a 4500
008 120416s1993 ||||||||||||||||| || u
050 _aQK 711.2 Tes
100 _aTesha, A. J
245 1 0 _aDevelopmental plant physiology
260 _aDar es Salaam
_bDar es Salaam University Press
_c1993
350 _a0.00
650 _aPLANT PHYSIOLOGY
650 _aPLANTS
995 _D0.00
_FCBU-MAIN LIBRARY (Kitwe)
_H1
_I4.95
_M1
_UDAMAGED
_ZMain Library Open Access Collection
999 _c40049
_d40049